Bitcoin - virtuálny fenomén súčasnosti

Charakteristika Bitcoinu. Obeh a deliteľnosť Bitcoinu. Vývoj Bitcoinu. Zaujímavé roky pre Bitcoin a jeho používateľov - 2011, 2012, 2013. Rok 2014 až po súčasnosť.

Na minha lista:
Detalhes bibliográficos
Autor principal: Korauš, Antonín
Outros Autores: Polák, Jozef
Formato: Capítulo de Livro
Idioma:eslovaco
Assuntos:
Tags: Adicionar Tag
Sem tags, seja o primeiro a adicionar uma tag!

MARC

LEADER 00000naa$a2200000$$$4500
001 0246087
005 20220601092724.9
041 0 |a slo 
044 |a SK 
245 1 0 |a Bitcoin - virtuálny fenomén súčasnosti  |c Antonín Korauš, Jozef Polák 
520 |a Charakteristika Bitcoinu. Obeh a deliteľnosť Bitcoinu. Vývoj Bitcoinu. Zaujímavé roky pre Bitcoin a jeho používateľov - 2011, 2012, 2013. Rok 2014 až po súčasnosť. 
610 2 0 |a mena virtuálna 
610 2 0 |a platby elektronické 
610 2 0 |a peniaze 
610 2 0 |a technológie informačné 
610 2 0 |a technológie komunikačné 
100 1 |a Korauš, Antonín 
700 1 |a Polák, Jozef